Hãy khám phá khả năng của bạn ngay từ bây giờ : Sổ tay người quản lý
Gorde:
| Egile nagusia: | |
|---|---|
| Formatua: | Liburua |
| Hizkuntza: | Undetermined |
| Argitaratua: |
Thành phố Hồ Chí Minh
Tổng hợp Thành phố Hồ Chí Minh
2004
|
| Gaiak: | |
| Etiketak: |
Etiketa erantsi
Etiketarik gabe, Izan zaitez lehena erregistro honi etiketa jartzen!
|
| Thư viện lưu trữ: | Trung tâm Học liệu Trường Đại học Cần Thơ |
|---|
| LEADER | 00698nam a2200205Ia 4500 | ||
|---|---|---|---|
| 001 | CTU_96281 | ||
| 008 | 210402s9999 xx 000 0 und d | ||
| 020 | |c 26000 | ||
| 082 | |a 658.4 | ||
| 082 | |b B923 | ||
| 100 | |a Buckingham, Marcus | ||
| 245 | 0 | |a Hãy khám phá khả năng của bạn ngay từ bây giờ : | |
| 245 | 0 | |b Sổ tay người quản lý | |
| 245 | 0 | |c Marcus Buckingham, Donald O. Clifton ; Nhân Văn dịch | |
| 260 | |a Thành phố Hồ Chí Minh | ||
| 260 | |b Tổng hợp Thành phố Hồ Chí Minh | ||
| 260 | |c 2004 | ||
| 650 | |a Business management | ||
| 904 | |i Tuyến | ||
| 980 | |a Trung tâm Học liệu Trường Đại học Cần Thơ | ||